Kundali Khanda (Record no. 364281)

MARC details
000 -LEADER
fixed length control field 004000000a22001570004500
005 - DATE AND TIME OF LATEST TRANSACTION
control field 20120302065239.0
040 ## - CATALOGING SOURCE
Original cataloging agency Mar
100 ## - MAIN ENTRY--PERSONAL NAME
Personal name
--
Numeration
Titles and other words associated with a name
245 ## - TITLE STATEMENT
Title Kundali Khanda
250 ## - EDITION STATEMENT
Edition statement 3
260 ## - PUBLICATION, DISTRIBUTION, ETC. (IMPRINT)
Place of publication, distribution, etc Mumbai:Dhavale Prakashan, 1983
300 ## - PHYSICAL DESCRIPTION
Extent saha;416p..-ill
365 ## - TRADE PRICE
Price amount 60/-
650 ## - SUBJECT ADDED ENTRY--TOPICAL TERM
Topical term or geographic name as entry element Jyotish, Astrology, Bhavishya, 1901 te 2000 ya kalat janmalelya vyaktichi kundali
942 ## - ADDED ENTRY ELEMENTS (KOHA)
Koha item type Book
Holdings
Withdrawn status Lost status Damaged status Not for loan Home library Current library Date acquired Total Checkouts Barcode Date last seen Price effective from
        Institute For Oriental Study, Thane Institute For Oriental Study, Thane 12/02/2009   IOS-M 25336 12/02/2009 12/02/2009